| 000 | 00410nam a2200181Ia 4500 | ||
|---|---|---|---|
| 008 | 210210b1931 xxu||||| |||| 00| 0 eng d | ||
| 041 | _aeng | ||
| 082 | _a320/657 | ||
| 100 | _a-- | ||
| 245 | _aLeague of nations 1929-30 | ||
| 260 |
_aGeneva _bLeague of Nations _c1931 |
||
| 300 | _a181 | ||
| 650 | _anations | ||
| 650 | _aLeague | ||
| 650 | _a1929-30 | ||
| 690 | _aPolitical Science | ||
| 906 | _a003288 | ||
| 999 |
_c120922 _d120922 |
||